Diario de un viaje: de Nueva York a Buenos Aires, de 23 de julio al 20 de agosto de 1868

Na minha lista:
Detalhes bibliográficos
Autor principal: Sarmiento, Domingo Faustino (Autor)
Formato: Livro
Idioma:espanhol
Publicado em: Santiago Cruz del Sur 1944
Edição:1a. ed
coleção:Colección de Autores Argentinos
Assuntos:
Tags: Adicionar Tag
Sem tags, seja o primeiro a adicionar uma tag!

MARC

LEADER 00000cam a2200000 a 4500
001 UCD7722
003 CL-VaPUC
008 170407e19440000cl |||||||||||||||||spa|d
082 0 4 |a 910  |b SAR  |2 21 
100 |a Sarmiento, Domingo Faustino  |e author  |9 311947 
245 1 0 |a Diario de un viaje: de Nueva York a Buenos Aires, de 23 de julio al 20 de agosto de 1868 
250 |a 1a. ed 
300 |a 153 p 
942 |c BK 
945 |d 20170407 16:56:00  |a dcastane 
260 |a Santiago  |b Cruz del Sur  |c 1944 
650 0 |a Viajes y descripciones  |9 363745 
650 0 |a Viajes al extranjero  |9 334153 
583 |a last modification  |c 20170407 16:56:00  |k Rodrigo Vera 
490 0 |a Colección de Autores Argentinos 
999 |c 367674  |d 367672 
952 |0 0  |1 0  |3 erb  |4 0  |6 910_000000000000000_SAR_1944  |7 0  |8 A  |9 482692  |a BIBART  |b BIBART  |i 5386357  |o 910 SAR 1944  |p 5386357  |r 2025-03-13  |w 2019-11-24  |y BK  |z Catalogado en:20170407  |k ART